书目信息 |
| 题名: |
让孩子越玩越聪明的160个经典益智游戏
|
|
| 作者: | 沃纳 著 ;刘灿灿 译 | |
| 分册: | ||
| 出版信息: | 海口 南海出版公司 2010 |
|
| 页数: | 181页 | |
| 开本: | 22cm | |
| 丛书名: | ||
| 单 册: | ||
| 中图分类: | G613.7 | |
| 科图分类: | ||
| 主题词: | 婴幼儿--智力开发--游戏 , 婴幼儿 , 智力开发 , 游戏 | |
| 电子资源: | ||
| ISBN: | 978-7-5442-4692-7 | |
| 000 | 01093nam0 2200301 450 | |
| 001 | 012001005162 | |
| 005 | 20140101140431.0 | |
| 010 | @a978-7-5442-4692-7@dCNY25.00 | |
| 100 | @a20101021d2010 em y0chiy50 ea | |
| 101 | 1 | @achi@ceng |
| 102 | @aCN@b460000 | |
| 105 | @aa z 000yy | |
| 106 | @ar | |
| 200 | 1 | @a让孩子越玩越聪明的160个经典益智游戏@9rang hai zi yue wan yue cong ming de 160 ge jing dian yi zhi you xi@e0~3岁@f(美)佩妮·华纳(Penny Warner)著@g刘灿灿译 |
| 210 | @a海口@c南海出版公司@d2010 | |
| 215 | @a181页@c图@d22cm | |
| 312 | @a英文原名:Baby play & learn: 160 games and learning | |
| 330 | @a本书让宝宝在享受游戏的过程中,身体素质、认知能力、语言能力、心理素质、社交技能、情绪管理等方面得到全方位提升。 | |
| 510 | 1 | @aBaby play & learn: 160 games and learning@zeng |
| 606 | 0 | @a婴幼儿@x智力开发@x游戏 |
| 606 | 0 | @a婴幼儿 |
| 606 | 0 | @a智力开发 |
| 606 | 0 | @a游戏 |
| 690 | @aG613.7@v4 | |
| 701 | 0 | @c(美)@a沃纳@9wo na@c(女,Warner, Penny)@4著 |
| 702 | 0 | @a刘灿灿@9liu can can@4译 |
| 801 | 0 | @aCN@b江苏凤凰@c20191020 |
| 905 | @b1207552-5@dG613.7@e1004@f4 | |
| 让孩子越玩越聪明的160个经典益智游戏:0~3岁/(美)佩妮·华纳(Penny Warner)著/刘灿灿译.-海口:南海出版公司,2010 |
| 181页:图;22cm |
| ISBN 978-7-5442-4692-7:CNY25.00 |
| 本书让宝宝在享受游戏的过程中,身体素质、认知能力、语言能力、心理素质、社交技能、情绪管理等方面得到全方位提升。 |
| ● |
| 相关链接 |
|
|
|
|
正题名:让孩子越玩越聪明的160个经典益智游戏
索取号:G613.7/1004
 
预约/预借
| 序号 | 登录号 | 条形码 | 馆藏地/架位号 | 状态 | 备注 |
| 1 | 1207552 | 212075528 | 第一样本阅览室/ [索取号:G613.7/1004] | 在馆 | |
| 2 | 1207553 | 212075537 | 教育系资料室/ [索取号:G613.7/1004] | 在馆 | |
| 3 | 1207554 | 212075546 | 教育系资料室/ [索取号:G613.7/1004] | 在馆 | |
| 4 | 1207555 | 212075555 | 第四借阅区/ [索取号:G613.7/1004] | 在馆 |